The secret life of buildings (Record no. 79717)
[ view plain ]
| 000 -LEADER | |
|---|---|
| fixed length control field | 00884cab a22001935a 4500 |
| 001 - CONTROL NUMBER | |
| control field | L142054 |
| 008 - FIXED-LENGTH DATA ELEMENTS--GENERAL INFORMATION | |
| fixed length control field | 080123e20080118xxkad f 000 0 eng d |
| 035 ## - SYSTEM CONTROL NUMBER | |
| System control number | (Sirsi) u142054 |
| 041 0# - LANGUAGE CODE | |
| Language code of text/sound track or separate title | eng |
| 100 1# - MAIN ENTRY--PERSONAL NAME | |
| Personal name | Lane, Thomas |
| 245 04 - TITLE STATEMENT | |
| Title | The secret life of buildings |
| 260 ## - PUBLICATION, DISTRIBUTION, ETC. | |
| Date of publication, distribution, etc. | 2008 |
| 490 #0 - SERIES STATEMENT | |
| Series statement | Building |
| Volume/sequential designation | 273(8512) 18 January 2008, 42-46(5) |
| 520 ## - SUMMARY, ETC. | |
| Summary, etc. | Explains how the Simons Group designed and built a low-energy office building and monitored its energy performance on completion. Provides information about the company, the plot of the building, procurement, design aspirations, the new building, the building?s ventilation and energy use, and the Carbon Trust?s energy audit of the building. Concludes by summarising lessons learned from the project. |
| 590 ## - LOCAL NOTE (RLIN) | |
| Local note | KA |
| 651 #4 - SUBJECT ADDED ENTRY--GEOGRAPHIC NAME | |
| Geographic name | United Kingdom |
| Chronological subdivision | |
| 690 ## - LOCAL SUBJECT ADDED ENTRY--TOPICAL TERM (OCLC, RLIN) | |
| Topical term or geographic name as entry element | BUILT ENVIRONMENT-SUSTAINABLE CONSTRUCTION |
| 942 ## - ADDED ENTRY ELEMENTS (KOHA) | |
| Suppress in OPAC | 0 |
| Withdrawn status | Lost status | Source of classification or shelving scheme | Damaged status | Not for loan | Home library | Current library | Shelving location | Date acquired | Total Checkouts | Full call number | Barcode | Date last seen | Copy number | Price effective from | Koha item type |
|---|---|---|---|---|---|---|---|---|---|---|---|---|---|---|---|
| Dewey Decimal Classification | London | London | Journal article | 23/01/2008 | L142054 | 142054-1001 | 06/08/2019 | 1 | 06/08/2019 | Journal article |